| 000 | 01190naa a22003497a 4500 | ||
|---|---|---|---|
| 001 | BR8105846 | ||
| 003 | BR-BrBNA | ||
| 005 | 20240918174904.0 | ||
| 007 | ta | ||
| 008 | 230509b bl.||||| |||| 00| 0 por d | ||
| 040 |
_aBR-BrBNA _bpor _cBiblioteca Nacional de Agricultura |
||
| 041 | _a(Pt) | ||
| 072 |
_aQ10; S10 _b9910 _b2120 _b3840 |
||
| 090 | _aQ10 BR8105846 | ||
| 100 | 1 | _aSantinato, R. | |
| 100 | 1 | _aNobre, G.W. | |
| 100 | 1 | _aFigueiredo, J.P. | |
| 100 | 1 | _aTeixeira, A.A. | |
| 111 | 1 |
_a9. Congresso Brasileiro de Pesquisas Cafeeiras _cSao Lourenco, MG (Brazil) _d27 Oct 1981 |
|
| 245 | 1 | _aEfeito da cal na seca e qualidade do cafe | |
| 260 | 3 |
_aRio de Janeiro, RJ (Brasil): _c1981. |
|
| 500 | _aResumos do 9. Congresso Brasileiro de Pesquisas Cafeeiras Rio de Janeiro, RJ (Brasil): 1981. p. 431-433 (BR8105846-AM)Q10 | ||
| 650 | _aCAFE | ||
| 650 | _aSECAGEM | ||
| 650 | _aCAL | ||
| 650 | _aFERMENTACAO | ||
| 650 | _aBEBIDA | ||
| 650 | _aCONTROLE DE QUALIDADE | ||
| 773 | 0 |
_tResumos do 9. Congresso Brasileiro de Pesquisas Cafeeiras _wQ10 BR8105846 _gRio de Janeiro, RJ (Brasil), 1981. p. 431-433 |
|
| 909 |
_a202404 _bLucia _c55 _dLucia Elande |
||
| 942 |
_cAM _2AGRIS |
||
| 999 |
_c314226 _d314226 |
||